Statystyki dla Zwierzęta na literę G

Kliknij tutaj aby rozwiązać quiz!

Ogólne statystyki

  • Ten quiz został rozwiązany 319 razy
  • Średni wynik to 7 z 15

Statystyki odpowiedzi

Zwierzę% Poprawnych
goryl
77%
gepard
70%
gołąb
67%
gil
66%
gawron
59%
gęś
57%
guziec
49%
gazela
48%
gekon
48%
gnu
39%
gibon
35%
gąsienica
32%
grzechotnik
29%
glonojad
22%
gronostaj
20%

Rozkład punktacji

Percentyl według liczby udzielonych odpowiedzi

Procent ludzi z każdym wynikiem

Twoja historia wyników

Nie rozwiązałeś tego quizu